Veřejne-soukromá partnerství - šance nebo hrozba?

Charakteristika ekonomiky v Českej republike. Negatívne trendy vývoja verejných rozpočtov. Možnosti získania dodatočných príjmov formou PPP ako verejne-súkromného partnerstva. Klasifikácia PPP, jeho prínosy a riziká. Aplikácie PPP v Českej republike. Dopady nesystémovej aplikácie PPP.

Salvato in:
Dettagli Bibliografici
Autore principale: Hyánek, Vladimír
Altri autori: Řežuchová, Markéta
Natura: Capitolo di libro
Lingua:ceco
Soggetti:
Tags: Aggiungi Tag
Nessun Tag, puoi essere il primo ad aggiungerne!!

MARC

LEADER 00000naa$a2200000$$$4500
001 0052455
005 20231107114802.3
041 0 |a cze 
044 |a CZ 
245 1 0 |a Veřejne-soukromá partnerství - šance nebo hrozba?  |c Vladimír Hyánek, Markéta Řežuchová 
520 |a Charakteristika ekonomiky v Českej republike. Negatívne trendy vývoja verejných rozpočtov. Možnosti získania dodatočných príjmov formou PPP ako verejne-súkromného partnerstva. Klasifikácia PPP, jeho prínosy a riziká. Aplikácie PPP v Českej republike. Dopady nesystémovej aplikácie PPP. 
610 2 0 |a Česko 
610 2 0 |a partnerstvo verejno-súkromné 
610 2 0 |a rozpočty verejné 
610 2 0 |a osoby právnické 
610 2 0 |a riziko 
100 1 |a Hyánek, Vladimír 
700 1 |a Řežuchová, Markéta